Academic periodicals collection

Uloženo v:
Podrobná bibliografie
Médium: Kniha
Jazyk:Undetermined
Vydáno: Ipswich, MA. Ebsco 2004
Témata:
Tagy: Přidat tag
Žádné tagy, Buďte první, kdo otaguje tento záznam!
Thư viện lưu trữ: Trung tâm Học liệu Trường Đại học Cần Thơ
LEADER 00421nam a2200157Ia 4500
001 CTU_103501
008 210402s9999 xx 000 0 und d
082 |a 378 
082 |b A168/D.1 
245 0 |a Academic periodicals collection 
260 |a Ipswich, MA. 
260 |b Ebsco 
260 |c 2004 
650 |a Education,University and colleges 
904 |i Truc 
980 |a Trung tâm Học liệu Trường Đại học Cần Thơ